| 000 | 01454nam a2200253 i 4500 | ||
|---|---|---|---|
| 001 | 157093 | ||
| 003 | ES-MaACL | ||
| 005 | 20250824063050.0 | ||
| 008 | 000306s1863 sp |||| | spa d | ||
| 100 | 1 |
_aLarra y Wetoret, Luis Mariano de, _d1830-1901 _970289 |
|
| 245 | 1 | 3 |
_aLa conquista de Madrid _b: zarzuela en tres actos y en verso / _coriginal de Luis Mariano de Larra ; música de Joaquín Gaztambide. |
| 260 |
_aMadrid : _b[s.n.], _c1863 ( _fImp. de José Rodríguez) |
||
| 300 |
_a102 p. ; _c20 cm. |
||
| 500 | _aEn port.: Representada por primera vez en el Teatro de la Zarzuela el 19 de diciembre de 1863. | ||
| 500 | _aSolo la letra. | ||
| 520 | 3 | _aLa escena en Madrid en los actos primero y tercero, y en el arrabal de S. Ginés en el segundo. Año de 1083. | |
| 530 | _aDisponible en formato digital. | ||
| 595 | _aEn p.8: "Los comisionados de la Galería dramática y lírica titulada El Teatro, son los exclusivos encargados ..." | ||
| 700 | 1 |
_aGaztambide, Joaquín. _956168 |
|
| 852 |
_aES-MaACL _jD-2486(6) _z- Enc. hol. _z. - Legado M. de la Fuente _q- Falto de cub. original _z- Enc. en un vol. facticio |
||
| 852 |
_aES-MaACL _jF-8611(3) _z- Enc. pasta española _q- Falto de cub. original _z- Enc. en un vol. facticio formando parte de la col. facticia "Teatro español moderno", v. 66 |
||
| 856 |
_uhttp://bdh-rd.bne.es/viewer.vm?id=0000113747&page=1 _zBiblioteca Digital Hispánica |
||
| 999 |
_c157093 _d157093 |
||